Girl Scout Cookies - Sudden Death - Statistics

General Stats
  • This quiz has been taken 118 times
  • The average score is 5 of 12
Answers on the Grid
Answers color-coded by a green-red scale on the quiz's grid according to % correct below.
Zebra stripes
Lemon-ups
Frosted-fun
Ginger-snap!
Thin mints
Double chocolate
Caramel bites
Brookies
Toffee-tastics
Lemonades
Brownie bites
Adventurefuls
Lemon meringues
Cinnamon buttons
Samoas
Tagalongs
Creme sandwiches
Trefoils
Peppermint bark
Do-si-dos
S'mores
Joyfuls
Caramel chocolate chip
Toast-yay!
Powder cakes
 
Answer Stats
Answer % Correct
Thin mints
74%
S'mores
52%
Do-si-dos
48%
Lemonades
48%
Samoas
48%
Tagalongs
48%
Lemon-ups
44%
Trefoils
41%
Toast-yay!
30%
Adventurefuls
26%
Caramel chocolate chip
22%
Toffee-tastics
22%
No matching quizzes found
Score Distribution
Percent of People with Each Score
Percentile by Number Answered
Your Score History
You have not taken this quiz